Statistiken für Argentinischer WM-Kader 2022

Klicken Sie hier um das Quiz zu spielen!

Allgemein

  • Dieses Quiz wurde 470 mal gespielt
  • Das Durchschnittsergebnis liegt bei 16 aus 27

Antwortstatistiken

#PositionVereinSpieler% Korrekt
23TorAston VillaEmiliano Martínez
98%
22AngriffInter MailandLautaro Martínez
98%
10AngriffParis Saint-GermainLionel Messi
98%
25AbwehrManchester UnitedLisandro Martínez
97%
9AngriffManchester CityJulián Álvarez
84%
11MittelfeldJuventus TurinÁngel Di María
82%
21AngriffAS RomPaulo Dybala
81%
20MittelfeldBrighton & Hove AlbionAlexis Mac Allister
74%
7MittelfeldAtlético MadridRodrigo De Paul
72%
13AbwehrTottenham HotspurCristian Romero
68%
19AbwehrSL BenficaNicolás Otamendi
67%
24MittelfeldSL BenficaEnzo Fernández
65%
14MittelfeldBayer LeverkusenExequiel Palacios
62%
15AngriffAtlético MadridÁngel Correa
57%
18AbwehrSevilla FCMarcos Acuña
56%
12TorVillarreal CFGerónimo Rulli
52%
5MittelfeldJuventus TurinLeandro Paredes
52%
4AbwehrSevilla FC Sevilla FCGonzalo Montiel
50%
3AbwehrOlympique LyonNico Tagliafico
48%
26AbwehrAtlético MadridNahuel Molina
47%
2AbwehrVillarreal CFJuan Foyth
38%
17MittelfeldSevilla FCPapu Gómez
38%
-Trainer-Lionel Scaloni
36%
1TorRiver PlateFranco Armani
29%
18MittelfeldBetis SevillaGuido Rodríguez
23%
16MittelfeldAtlanta United FCThiago Almada
22%
6AbwehrBetis SevillaGermán Pezzella
18%

Verteilung der Resultate

Perzentil nach korrekt beantworteten Fragen

Anzahl Personen mit jedem Resultat

Ihre Resultats-Entwicklung

Sie haben dieses Quiz noch nicht gespielt